000 00867cam a22001935a 4500
001 L156816
008 120717s1848 xxk f 000 0 eng d
035 _a(Sirsi) u156816
041 0 _aeng
100 1 _aLaxton, W.
245 0 4 _aThe builder's price book for 1848
_bcontaining upwards of 8,000 prices, carefully corrected from the present price of materials and labour, and 3,000 useful and important memoranda; together with extracts from the paving, and other acts, tables for purchasing leases, estates and annuities, areas and circumferences of circles, scantlings of timber, weights of iron, &c.
250 _a24th ed.
260 _aLondon
_bThe author
_c[1848]
300 _a155, vi, 82 p.
_c18 cm.
583 0 _aCondition reviewed
_c20120620
_lcondition level 1
651 4 _aGreat Britain
_y1707-
690 _aConstruction management
_96230
942 _n0
999 _c114432
_d114432